000 00266nam a22001097a 4500
082 _a001
100 _aMaheshwari,Mukesh
_981493
245 _aMadhya Pradesh General Knowlwdge
260 _aIndore MP
_bVaishnavi Prakashan
_c2022
650 _aMp Gk
_981494
942 _cBK
999 _c65528
_d65528